Statistics for Trace The Coast And International Borders Of Mexico

Click here to take the quiz!

General Stats

  • This quiz has been taken 222 times
  • The average score is 13 of 27

Answers on the Map

Answers color-coded by a green-red scale on the quiz's map according to % correct below.
 

Answer Stats

State% Correct
Baja California
99%
Sonora
79%
Chihuahua
75%
Nuevo Leon
67%
Coahuila
66%
Tamaulipas
62%
Veracruz
61%
Yucatan
60%
Quintana Roo
59%
Tabasco
59%
Campeche
57%
Chiapas
53%
Oaxaca
52%
Campeche
51%
Tabasco
51%
Guerrero
37%
Oaxaca
36%
Chiapas
33%
Jalisco
32%
Baja California
30%
Baja California
30%
Colima
30%
Michoacan
30%
Sinaloa
29%
Sonora
29%
Baja California Sur
28%
Nayarit
28%

Score Distribution

Percentile by Number Answered

Percent of People with Each Score

Your Score History

You have not taken this quiz